| 000 | 00516cam a2200193ua 4500 | ||
|---|---|---|---|
| 020 | _c25.00 | ||
| 041 |
_aeng _h |
||
| 082 |
_a551.0162 _bKRY/PR |
||
| 100 | _aKrynine, Dimitri P . | ||
| 245 |
_aPrinciples of engineering geology and geotechnics / _cP Dimitri Krynine. _hTextual Documents |
||
| 250 |
_a1 / _b. |
||
| 260 |
_aNew York : _bMcGraw Hill Book Company , _c1957. |
||
| 300 | _a730 ; . | ||
| 365 | _a25.00 | ||
| 504 | _a | ||
| 700 | 1 | _aJudd, William R . | |
| 942 | _cBK | ||
| 999 |
_c2088 _d2088 |
||